As aventuras da Henriqueta Chupeta (Registo nº 1836)
[ vista simples ]
| 000 -Etiqueta do registo | |
|---|---|
| Cabeçalho | 00808nam a22002651 4500 |
| 005 - Identificador da versão | |
| Campo de controlo | 20240813121917.0 |
| 021 ## - Número do Depósito Legal | |
| Código do país | PT |
| Número | 49255/91 |
| 100 ## - Dados gerais de processamento | |
| Dados gerais de processamento | 20070515d1991 cd y0pory5003 ba |
| 102 ## - Pais de publicação ou produção | |
| País de publicação | Portugal |
| 101 0# - Língua de publicação | |
| Língua do texto, banda sonora, etc. | Português |
| 106 ## - Campo de dados codificados: material textual | |
| Dados codificados do material textual | r |
| 105 ## - Campo de dados codificados: livros | |
| Dados codificados dos livros | a t 000zy |
| 215 ## - Descrição física | |
| Indicação específica da natureza do documento e extensão da espécie | 29 p. |
| Outras indicações físicas | il. |
| Dimensões | 21 cm |
| 200 1# - Titulo e menção de responsabilidade | |
| Título próprio | As aventuras da Henriqueta Chupeta |
| Primeira menção de responsabilidade | texto e des. Cristina Girão Vieira |
| 210 ## - Publicação, Distribuição, etc. | |
| Lugar da edição, distribuição, etc. | [Lisboa] |
| Nome do editor, distribuidor, etc. | Instituto Nacional do Ambiente |
| Data da publicação, distribuição, etc. | D.L. 1991 |
| 300 ## - Notas gerais | |
| Texto da nota | Contém actividades e jogo |
| 606 ## - Nome comum usado como assunto | |
| Número de registo de entrada de autoridade | 0000223 |
| Palavra de ordem | Literatura portuguesa infanto-juvenil |
| Subdivisão de assunto | Banda desenhada |
| Número de registo de entrada de autoridade | 0000358 |
| Palavra de ordem | Educação para o Ambiente |
| 675 ## - Classificação Decimal Universal (CDU) | |
| Notação | 821.134.3-9 |
| Edição | 2ª |
| Língua da edição | por |
| 700 #1 - Nome de autor-pessoa física (responsabilidade principal) | |
| Número de registo de entrada de autoridade | 0000359 |
| Palavra de ordem | Vieira |
| Outra parte do nome não tomada para palavra de ordem | Cristina Girão |
| 942 ## - Elementos de entrada adicionados (Koha) | |
| Tipo de item no Koha | Livro |
| Situação do levantamento | Origin of item (home branch) (coded) | Biblioteca de empréstimo | Código de barras | Cota | Circulation type (not for loan) | Tipo de documento | Nota do exemplar | Damaged status |
|---|---|---|---|---|---|---|---|---|
| Biblioteca Escolar da Coca Maravilhas | Biblioteca Escolar da Coca Maravilhas | BECM2124/94 | 8BD VIE | Livro | Sem mensagem |
